000 00610nam a2200193Ia 4500
008 151121s9999||||xx |||||||||||||| ||und||
082 _a813/गुप्ते
082 _bHNW-51761
100 _aगुप्ते श।
245 _aओझे सुख दु:खाचे
260 _b"राजेंद्र प्रकाशन, पुणे"
260 _c--
300 _a126
600 _aगुप्ते श।
630 _aओझे सुख दु:खाचे
700 _aगुप्ते श।
730 _aओझे सुख दु:खाचे
942 _cBOOK
999 _c1236066
_d1236063